| 000 | 00348nam a22001457a 4500 | ||
|---|---|---|---|
| 003 | MACL | ||
| 005 | 20190915154319.0 | ||
| 008 | 190915b xxu||||| |||| 00| 0 eng d | ||
| 040 | _cMACL | ||
| 100 |
_aKhanna, Rajesh _976666 |
||
| 245 | _aThe Maratha Empire | ||
| 260 |
_aNew Delhi _bNoni Books _c2017 |
||
| 650 |
_aHistory _976667 |
||
| 942 |
_2ddc _cBK |
||
| 999 |
_c61014 _d61014 |
||